Sabrina's Pokemon - Statistics

General Stats
  • This quiz has been taken 7 times
  • The average score is 10 of 23
Answer Stats
She uses it in Answer % Correct
Kanto Alakazam
100%
Kanto Kadabra
80%
Kanto Abra
60%
Johto Espeon
60%
Unova Exeggutor
60%
Unova Hypno
60%
Johto Jynx
60%
Unova Mewtwo
60%
Kanto Mr. Mime
60%
Johto Gallade
40%
Unova Metagross
40%
Kanto Slowbro
40%
Unova Slowking
40%
Kanto Venomoth
40%
Stadium Wigglytuff
40%
Johto Wobbuffet
40%
Stadium 2 Furret
20%
Stadium 2 Hitmonlee
20%
Stadium 2 Sandslash
20%
Stadium 2 Scizor
20%
Unova Sigilyph
20%
Stadium Snorlax
20%
Stadium 2 Typhlosion
20%
No matching quizzes found
Score Distribution
Percent of People with Each Score
Percentile by Number Answered
Your Score History
You have not taken this quiz